000 00721nam a2200229 i 4500
001 123955
003 ES-MaACL
005 20230906192300.0
007 t|
008 070214s1974 mx r ||||1| spa d
100 1 _aRamos Oliveira, A.
_995343
245 1 0 _aHistoria crítica de España y de la civilización española /
_cAntonio Ramos Oliveira.
250 _a2ª. ed. corr. y aum.
260 _aMéxico :
_bOasis,
_c1974.
300 _a3 v. ;
_c23 cm.
500 _aVol. I. La prehistoria. Vol.II. La antigüedad. Vol. III. La edad media.
651 4 _aEspaña-
_xHistoria.
_98209
740 0 _aLa prehistoria.
740 0 _aLa antigüedad.
740 0 _aLa edad media.
852 _aES-MaACL
_jP-23
_bR.92180
999 _c123955
_d123955